LEADER 00798nam0-22002891i-450- 001 990000122400403321 035 $a000012240 035 $aFED01000012240 035 $a(Aleph)000012240FED01 035 $a000012240 100 $a20011111d--------km-y0itay50------ba 101 0 $aita 105 $ay-------001yy 200 1 $aBasic$e25 programmi d'ingegneria$fEugenio Rizzo. 210 $aPalermo$cD. Flaccovio$d1983 215 $a183 p.$cill.$d24 cm 610 0 $aMicroelaboratori elettronici$aProgrammazione$aLinguaggio Basic 676 $a005.362 700 1$aRizzo,$bEugenio$07948 801 0$aIT$bUNINA$gRICA$2UNIMARC 901 $aBK 912 $a990000122400403321 952 $a13 F 63 14$b7876$fFINBC 959 $aFINBC 996 $aBasic$9114125 997 $aUNINA DB $aING01 LEADER 03023oam 2200697I 450 001 9910452252703321 005 20200520144314.0 010 $a1-134-72923-5 010 $a1-280-13981-1 010 $a0-203-98459-5 024 7 $a10.4324/9780203984598 035 $a(CKB)1000000000456180 035 $a(EBL)235245 035 $a(OCoLC)299571985 035 $a(SSID)ssj0000182022 035 $a(PQKBManifestationID)11172416 035 $a(PQKBTitleCode)TC0000182022 035 $a(PQKBWorkID)10165942 035 $a(PQKB)10415875 035 $a(MiAaPQ)EBC235245 035 $a(Au-PeEL)EBL235245 035 $a(CaPaEBR)ebr10095105 035 $a(CaONFJC)MIL13981 035 $a(OCoLC)252969926 035 $a(EXLCZ)991000000000456180 100 $a20180331d1999 uy 0 101 0 $aeng 135 $aur|n|---||||| 181 $ctxt 182 $cc 183 $acr 200 00$aInterpreting visual culture $eexplorations in the hermeneutics of the visual /$fedited by Ian Heywood and Barry Sandywell 210 1$aLondon ;$aNew York :$cRoutledge,$d1999. 215 $a1 online resource (287 p.) 300 $aDescription based upon print version of record. 311 $a0-415-15710-2 311 $a0-415-15709-9 320 $aIncludes bibliographical references (p. 251-257) and index. 327 $aPreliminaries; CONTENTS; List of illustrations; List of contributors; Introduction; 1 The hermeneutics of seeing; 2 Specular grammar; 3 Bakhtin and the metaphorics of perception; 4 Durkheim's double vision; 5 Readers of the lost art; 6 Seeing becoming drawing; 7 The 'real realm'; 8 The denigration of vision and the renewal of painting; 9 My philosophical project and the empty jug; 10 'Ever more specific'; 11 Aporia of the sensible; Appendix: the original project; Select bibliography; Index 330 $aInterpreting Visual Culture brings together original writings from leading experts in art history, philosophy, sociology and cultural studies. Ranging from an analysis of the role of vision in current critical discourse to discussion of specific examples taken from the visual arts, ethics and sociology, it presents the latest material on the interpretation of the visual in modern culture.Among topics covered are:* the visual rhetoric of modernity* the drawings of Bonnard* recent feminist art* practices and perception in arts and ethics. 606 $aAesthetics 606 $aVision 606 $aHermeneutics 606 $aArt$xPhilosophy 606 $aArt and society 608 $aElectronic books. 615 0$aAesthetics. 615 0$aVision. 615 0$aHermeneutics. 615 0$aArt$xPhilosophy. 615 0$aArt and society. 676 $a111/.85 701 $aHeywood$b Ian$f1948-$0281472 701 $aSandywell$b Barry$0863213 801 0$bMiAaPQ 801 1$bMiAaPQ 801 2$bMiAaPQ 906 $aBOOK 912 $a9910452252703321 996 $aInterpreting visual culture$92148771 997 $aUNINA LEADER 01741nam 2200397Ia 450 001 996395715803316 005 20221108054933.0 035 $a(CKB)4330000000326731 035 $a(EEBO)2248564587 035 $a(OCoLC)43077505 035 $a(EXLCZ)994330000000326731 100 $a19991222d1663 uy | 101 0 $aeng 135 $aurbn||||a|bb| 200 10$aChrist's first sermon, or, The absolute necessity, gospel duty, and Christian practice of repentance$b[electronic resource] /$fopened and applied, by a godly, able, and faithful minister of Jesus Christ. ; Wherein is discovered, what repentance is, as also the great necessity thereof to salvation: with the great folly and desperate madness of all those that delay and put off repentance unto a sick bed, or old age. ; Together with the great benefit, joy, and comfort that shall be to the souls of all those that timely and truly repent 205 $aThe eleventh edition, with many additions. 210 $aLondon $cPrinted for Eliz. Andrews, at the White Lion near Pye-Corner$d1663 215 $a[46] p 300 $aAttributed to Hart by Wing. 300 $aAdvertisement: p. [46]. 300 $aReproduction of original in: Trinity College Library, Dublin, Ireland. 330 $aeebo-0159 606 $aRepentance 606 $aSalvation 606 $aTheology, Doctrinal 615 0$aRepentance. 615 0$aSalvation. 615 0$aTheology, Doctrinal. 700 $aHart$b John$cD.D.$0195672 801 0$bEAE 801 1$bEAE 801 2$bWaOLN 906 $aBOOK 912 $a996395715803316 996 $aChrist's first sermon, or, The absolute necessity, gospel duty and Christian practice of repentance$92302979 997 $aUNISA